[Event "Hebraica op 25th"]
[Site "Hebraica"]
[Date "2018.01.14"]
[Round "5"]
[White "Ribeiro, Glauber"]
[Black "Milanez, Eduardo Medeiros"]
[Result "1/2-1/2"]
[WhiteElo "1529"]
[BlackElo "1966"]
[PlyCount "211"]
[EventDate "2018.01.12"]
[EventType "swiss"]
[EventRounds "6"]
[EventCountry "BRA"]
[SourceTitle "CBM 182 Extra"]
[Source "ChessBase"]
[SourceDate "2018.02.23"]
[SourceVersion "1"]
[SourceVersionDate "2018.02.23"]
[SourceQuality "1"]

1. e4 c6 2. d3 d5 3. c3 e5 4. Nf3 Bg4 5. Nbd2 Nf6 6. g3 Nbd7 7. Bg2 Bd6 8. 0-0 0-0 9. Re1 Qb6 10. Nf1 d4 11. c4 a5 12. a4 Bb4 13. Bd2 Nc5 14. Qc2 Nfd7 15. h3 Bh5 16. N3h2 f6 17. Bf3 Bf7 18. Bg4 h5 19. Bxd7 Nxd7 20. Bxb4 Qxb4 21. Nd2 Be6 22. Kg2 Qe7 23. Nb3 b6 24. Rh1 f5 25. f3 fxe4 26. fxe4 Rf6 27. Raf1 Raf8 28. Qe2 Rxf1 29. Rxf1 Rxf1 30. Qxf1 Nf6 31. Nc1 Qb4 32. b3 Qd2+ 33. Kg1 Bxh3 34. Qxh3 Qxc1+ 35. Nf1 Qg5 36. Qc8+ Kh7 37. Qxc6 h4 38. Kg2 hxg3 39. Qe6 Nh5 40. Qh3 Kg6 41. Qe6+ Kh7 42. Qh3 Kg8 43. Qc8+ Kf7 44. Qd7+ Kg6 45. Qe6+ Qf6 46. Qg4+ Kh6 47. Nxg3 Nxg3 48. Kxg3 Qg5 49. Kh3 Qxg4+ 50. Kxg4 g5 51. Kf5 Kh5 52. Kxe5 g4 53. Kd6 g3 54. e5 g2 55. e6 g1Q 56. e7 Qg6+ 57. Kd7 Qf7 58. Kd8 Qf6 59. Kd7 Qf5+ 60. Kd8 Qg5 61. Kd7 Qg4+ 62. Kd8 Qh4 63. Kd7 Qh3+ 64. Kd8 Qxd3 65. e8Q+ Kg4 66. Qe6+ Qf5 67. Qe2+ Qf3 68. Qe6+ Kf4 69. Qf6+ Ke3 70. Qxb6 Qf8+ 71. Kd7 Qg7+ 72. Kd8 Qg5+ 73. Kd7 Qf5+ 74. Kd8 Qf8+ 75. Kd7 Qg7+ 76. Kd8 Qg5+ 77. Kd7 Qg4+ 78. Kd8 Ke2 79. c5 d3 80. Qxa5 d2 81. Qb5+ Ke1 82. Qa5 Qd4+ 83. Kc7 Kf2 84. Qxd2+ Qxd2 85. c6 Qa5+ 86. Kd7 Qd5+ 87. Kc7 Qxb3 88. Kc8 Qxa4 89. c7 Qc6 90. Kb8 Qb6+ 91. Kc8 Kf3 92. Kd7 Qb7 93. Kd8 Qd5+ 94. Ke7 Qe5+ 95. Kd7 Qd5+ 96. Ke7 Qc6 97. Kd8 Qd6+ 98. Kc8 Ke4 99. Kb7 Qd7 100. Kb8 Qb5+ 101. Ka7 Qc6 102. Kb8 Qb6+ 103. Ka8 Qc6+ 104. Kb8 Qd6 105. Kb7 Qd7 106. Kb8 1/2-1/2

[Event "Sao Paulo Hebraica op 24th"]
[Site "Sao Paulo"]
[Date "2017.01.15"]
[Round "6"]
[White "Dos Reis, Leandro Aparecido C"]
[Black "Milanez, Eduardo Medeiros"]
[Result "0-1"]
[WhiteElo "1948"]
[BlackElo "1942"]
[PlyCount "56"]
[EventDate "2017.01.13"]
[EventType "swiss"]
[EventRounds "6"]
[EventCountry "BRA"]
[SourceTitle "CBM 176 Extra"]
[Source "ChessBase"]
[SourceDate "2017.03.02"]
[SourceVersion "1"]
[SourceVersionDate "2017.03.02"]
[SourceQuality "1"]

1. e4 c6 2. Nc3 d5 3. Nf3 Bg4 4. h3 Bxf3 5. Qxf3 e6 6. d3 Be7 7. Bd2 Nf6 8. g4 Nbd7 9. 0-0-0 Qc7 10. Bg2 0-0-0 11. g5 dxe4 12. dxe4 Ne5 13. Qe2 Nfd7 14. f4 Ng6 15. Qf2 Bc5 16. Qg3 e5 17. f5 Nf4 18. Bf3 f6 19. h4 Nb6 20. Ne2 Nc4 21. Bc3 Ne3 22. Rxd8+ Rxd8 23. gxf6 gxf6 24. Kb1 Qd6 25. Nxf4 exf4 26. Qg7 Bd4 27. Bxd4 Qxd4 28. Qxh7 Nc4 0-1

[Event "Sao Paulo Hebraica op 24th"]
[Site "Sao Paulo"]
[Date "2017.01.14"]
[Round "4"]
[White "Milanez, Eduardo Medeiros"]
[Black "Bruce, Shannon Hill"]
[Result "0-1"]
[WhiteElo "1942"]
[BlackElo "2152"]
[PlyCount "66"]
[EventDate "2017.01.13"]
[EventType "swiss"]
[EventRounds "6"]
[EventCountry "BRA"]
[SourceTitle "CBM 176 Extra"]
[Source "ChessBase"]
[SourceDate "2017.03.02"]
[SourceVersion "1"]
[SourceVersionDate "2017.03.02"]
[SourceQuality "1"]

1. c4 c5 2. Nc3 Nc6 3. g3 g6 4. Bg2 Bg7 5. Nf3 e6 6. 0-0 Nge7 7. d3 d6 8. a3 b6 9. Qc2 Bb7 10. Rb1 Qd7 11. b4 h6 12. b5 Nd4 13. Nxd4 Bxg2 14. Nxe6 Bxf1 15. Nxg7+ Kf8 16. Kxf1 Kxg7 17. Ne4 f6 18. Bb2 Rhf8 19. Qc3 d5 20. cxd5 Nxd5 21. Qc4 Rae8 22. a4 Kh7 23. Re1 Qe6 24. Kg1 f5 25. Nd2 Nf6 26. Qc3 Re7 27. Nf3 f4 28. Kg2 Nd5 29. Qc4 Qf5 30. a5 fxg3 31. hxg3 Rxe2 32. Ng5+ hxg5 33. Rh1+ Kg8 0-1

[Event "BRA-ch Amateur U2000"]
[Site "Sao Paulo"]
[Date "2016.05.28"]
[Round "6"]
[White "Ikejiri, Daniel Yoshito"]
[Black "Milanez, Eduardo Medeiros"]
[Result "0-1"]
[WhiteElo "1965"]
[BlackElo "1885"]
[PlyCount "174"]
[EventDate "2016.05.26"]
[EventType "swiss"]
[EventRounds "7"]
[EventCountry "BRA"]
[SourceTitle "EXT 2019"]
[Source "ChessBase"]
[SourceDate "2018.10.10"]
[SourceVersion "1"]
[SourceVersionDate "2018.10.10"]
[SourceQuality "1"]

1. e4 c6 2. d4 d5 3. exd5 cxd5 4. c4 Nf6 5. Nc3 e6 6. Nf3 Be7 7. Bd3 dxc4 8. Bxc4 0-0 9. 0-0 Nc6 10. a3 b6 11. Bg5 Nd5 12. Bxe7 Ncxe7 13. Rc1 Bb7 14. Ne2 Rc8 15. Qd3 Nf6 16. Ba2 Qd6 17. Ne5 Bd5 18. Bxd5 Nexd5 19. Nc4 Qb8 20. Ne5 Qb7 21. h3 Rxc1 22. Rxc1 Rc8 23. Rxc8+ Qxc8 24. Nc3 h6 25. g3 Ne7 26. Kh2 Nfd5 27. Qf3 f6 28. Nxd5 Nxd5 29. Ng6 Qe8 30. Nh4 g5 31. Ng2 Kg7 32. Qd3 Qd7 33. Ne1 Ne7 34. Nc2 Nd5 35. Ne3 Nxe3 36. fxe3 f5 37. Qc3 Kg6 38. Qc4 h5 39. h4 gxh4 40. gxh4 Qe7 41. Kh3 Kf6 42. Qc8 Kg7 43. Qb8 Qf7 44. Qe5+ Kh7 45. Qd6 Kg7 46. Qd8 Kh7 47. Qg5 Kh8 48. Kg3 Qc7+ 49. Qf4 Qf7 50. Qh6+ Kg8 51. Qg5+ Kh7 52. Kf2 Kh8 53. Ke2 Qe8 54. Kd2 a5 55. Kc3 Qc6+ 56. Kd2 Qe8 57. Qf6+ Kh7 58. d5 Qd7 59. Qxe6 Qxe6 60. dxe6 Kg6 61. Kd3 Kf6 62. e7 Kxe7 63. Kd4 Kd6 64. a4 Ke6 65. Kc4 Ke5 66. Kd3 Kd5 67. b3 Ke5 68. Ke2 Ke4 69. Kf2 f4 70. exf4 Kxf4 71. Kg2 Kg4 72. Kf2 Kxh4 73. Kf3 Kg5 74. Ke4 h4 75. Kd5 h3 76. Kc6 h2 77. Kxb6 h1Q 78. Kxa5 Qa8+ 79. Kb5 Qb7+ 80. Kc4 Qc6+ 81. Kb4 Qb6+ 82. Kc4 Kf5 83. b4 Ke5 84. a5 Qc6+ 85. Kb3 Qb5 86. Ka3 Kd4 87. Kb3 Kd3 0-1

[Event "Sao Paulo Freitas op 2nd"]
[Site "Sao Paulo"]
[Date "2016.04.15"]
[Round "1"]
[White "Milanez, Eduardo Medeiros"]
[Black "Languidey, Simon Alejandro"]
[Result "0-1"]
[WhiteElo "1885"]
[BlackElo "2362"]
[PlyCount "56"]
[EventDate "2016.04.15"]
[EventType "swiss"]
[EventRounds "6"]
[EventCountry "BRA"]
[SourceTitle "CBM 171 Extra"]
[Source "ChessBase"]
[SourceDate "2016.04.26"]
[SourceVersion "1"]
[SourceVersionDate "2016.04.26"]
[SourceQuality "1"]

1. c4 e5 2. Nc3 Nf6 3. g3 d5 4. cxd5 Nxd5 5. Bg2 Nb6 6. Nf3 Nc6 7. d3 Be7 8. 0-0 0-0 9. a3 Be6 10. b4 a5 11. b5 Nd4 12. Nxe5 Bf6 13. Nc4 Nxc4 14. dxc4 Bxc4 15. Rb1 Qe7 16. Be3 Nf5 17. Ne4 Nxe3 18. fxe3 Be5 19. Qc2 Bd5 20. Rbd1 Rfd8 21. Qc5 Qxc5 22. Nxc5 Bxg2 23. Kxg2 b6 24. Nd7 Bd6 25. e4 Bxa3 26. e5 a4 27. Rd3 Bb2 28. Rfd1 Re8 0-1

[Event "Sao Paulo Hebraica op 23rd"]
[Site "Sao Paulo"]
[Date "2016.01.10"]
[Round "6"]
[White "Deus Filho, Joaquim"]
[Black "Milanez, Eduardo Medeiros"]
[Result "1-0"]
[WhiteElo "1950"]
[BlackElo "1779"]
[PlyCount "83"]
[EventDate "2016.01.08"]
[EventType "swiss"]
[EventRounds "6"]
[EventCountry "BRA"]
[SourceTitle "CBM 170 Extra"]
[Source "ChessBase"]
[SourceDate "2016.02.25"]
[SourceVersion "1"]
[SourceVersionDate "2016.02.25"]
[SourceQuality "1"]

1. b3 d5 2. e3 Nf6 3. Bb2 Bf5 4. Be2 e6 5. f4 c5 6. Nf3 Nc6 7. 0-0 Be7 8. h3 Ne4 9. g4 Bg6 10. Bxg7 Rg8 11. Bb2 Ng3 12. Rf2 Nxe2+ 13. Rxe2 Qd7 14. d3 0-0-0 15. Nbd2 h5 16. Rg2 hxg4 17. hxg4 f6 18. Nf1 Rdf8 19. Qe2 Bd6 20. Ng3 Be7 21. Nh4 Bh7 22. Nh5 d4 23. Rf1 Qd8 24. exd4 Nxd4 25. Bxd4 Qxd4+ 26. Qf2 Qd6 27. Qf3 Qd4+ 28. Kh1 Rd8 29. Re1 Rge8 30. Ng7 Qc3 31. Rge2 Rh8 32. Nh5 e5 33. f5 Rd4 34. Kg1 Bg8 35. Ng6 Rxh5 36. gxh5 Bd6 37. h6 Bd5 38. Qxd5 Rxd5 39. h7 Qb4 40. h8Q+ Kc7 41. Re4 Rd4 42. Qh4 1-0

[Event "Sao Paulo Hebraica op 23rd"]
[Site "Sao Paulo"]
[Date "2016.01.10"]
[Round "5"]
[White "Milanez, Eduardo Medeiros"]
[Black "Vieira, Alexandre Letizio"]
[Result "1/2-1/2"]
[WhiteElo "1779"]
[BlackElo "1940"]
[PlyCount "111"]
[EventDate "2016.01.08"]
[EventType "swiss"]
[EventRounds "6"]
[EventCountry "BRA"]
[SourceTitle "CBM 170 Extra"]
[Source "ChessBase"]
[SourceDate "2016.02.25"]
[SourceVersion "1"]
[SourceVersionDate "2016.02.25"]
[SourceQuality "1"]

1. c4 c5 2. Nc3 Nc6 3. e3 Nf6 4. d4 cxd4 5. exd4 d5 6. cxd5 Nxd5 7. Qb3 e6 8. Nf3 Be7 9. Be2 0-0 10. 0-0 a6 11. Bd2 b5 12. Nxd5 Qxd5 13. Qxd5 exd5 14. Rfc1 Bd7 15. Be3 Bf6 16. Rc5 Rfe8 17. Rxd5 Bg4 18. Kf1 Rad8 19. Rxd8 Rxd8 20. Rd1 Bxf3 21. Bxf3 Nxd4 22. Bb7 a5 23. b3 g6 24. Ba6 b4 25. Rc1 Ra8 26. Rc8+ Rxc8 27. Bxc8 Kf8 28. Ba6 Be5 29. f4 Bf6 30. g4 Bg7 31. Kf2 Ke7 32. Bc4 Bf6 33. g5 Bg7 34. Bc1 h5 35. Ke3 f5 36. gxf6+ Bxf6 37. Ke4 Nf5 38. Kd5 h4 39. Bd3 h3 40. Bxf5 gxf5 41. Be3 Kd7 42. Bf2 Bc3 43. Kc5 Ke6 44. Kc6 Bd2 45. Bg3 Be3 46. Kb5 Kd5 47. Kxa5 Bd2 48. Kb5 Ke4 49. Kc4 Bxf4 50. Bxf4 Kxf4 51. Kxb4 Ke3 52. a4 f4 53. a5 f3 54. a6 f2 55. a7 f1Q 56. a8Q 1/2-1/2

[Event "Sao Paulo Hebraica op 23rd"]
[Site "Sao Paulo"]
[Date "2016.01.09"]
[Round "3"]
[White "Milanez, Eduardo Medeiros"]
[Black "Guimaraes, Wagner Peixoto"]
[Result "1/2-1/2"]
[WhiteElo "1779"]
[BlackElo "2187"]
[PlyCount "51"]
[EventDate "2016.01.08"]
[EventType "swiss"]
[EventRounds "6"]
[EventCountry "BRA"]
[SourceTitle "CBM 170 Extra"]
[Source "ChessBase"]
[SourceDate "2016.02.25"]
[SourceVersion "1"]
[SourceVersionDate "2016.02.25"]
[SourceQuality "1"]

1. c4 Nf6 2. Nc3 g6 3. g3 d5 4. cxd5 Nxd5 5. Bg2 Nb6 6. Nf3 Bg7 7. 0-0 0-0 8. d4 Nc6 9. e3 Re8 10. b3 e5 11. dxe5 Nxe5 12. Nxe5 Bxe5 13. Bb2 c6 14. Qe2 Bf5 15. Rfd1 Qe7 16. Rd2 Qb4 17. Rc1 a5 18. Nd1 Bxb2 19. Nxb2 a4 20. bxa4 Nxa4 21. Rd4 Qa3 22. Rxa4 Rxa4 23. Nxa4 Qxa4 24. h4 h5 25. Rb1 Bg4 26. Qd2 1/2-1/2

[Event "Pocos de Caldas op"]
[Site "Pocos de Caldas"]
[Date "2014.02.16"]
[Round "6"]
[White "Milanez, Eduardo Medeiros"]
[Black "Caporale, Giuseppe Guido"]
[Result "1-0"]
[WhiteElo "1774"]
[BlackElo "1728"]
[PlyCount "52"]
[EventDate "2014.02.14"]
[EventType "swiss"]
[EventRounds "6"]
[EventCountry "BRA"]
[SourceTitle "CBM 158 Extra"]
[Source "ChessBase"]
[SourceDate "2014.02.28"]
[SourceVersion "1"]
[SourceVersionDate "2014.02.28"]
[SourceQuality "1"]

1. c4 f5 2. d4 e6 3. Nf3 Nf6 4. Bg5 Be7 5. Nc3 0-0 6. g3 b6 7. Bg2 Bb7 8. 0-0 d6 9. Qb3 Nc6 10. c5 d5 11. Rac1 Na5 12. Qb4 Nc4 13. Na4 a5 14. Qe1 b5 15. b3 Na3 16. Nb2 c6 17. Nd3 Nd7 18. Bxe7 Qxe7 19. Qd2 b4 20. Nde5 Nxe5 21. Nxe5 Nb5 22. f3 Na3 23. Rce1 Rfc8 24. Rc1 Ra7 25. e4 Nb5 26. exd5 cxd5 1-0

[Event "Pocos de Caldas op"]
[Site "Pocos de Caldas"]
[Date "2014.02.15"]
[Round "3"]
[White "De Freitas, Julio Eimard"]
[Black "Milanez, Eduardo Medeiros"]
[Result "1-0"]
[WhiteElo "1902"]
[BlackElo "1774"]
[PlyCount "85"]
[EventDate "2014.02.14"]
[EventType "swiss"]
[EventRounds "6"]
[EventCountry "BRA"]
[SourceTitle "CBM 158 Extra"]
[Source "ChessBase"]
[SourceDate "2014.02.28"]
[SourceVersion "1"]
[SourceVersionDate "2014.02.28"]
[SourceQuality "1"]

1. d4 Nf6 2. c4 e6 3. Nc3 Bb4 4. a3 Bxc3+ 5. bxc3 c5 6. e3 0-0 7. Bd3 Nc6 8. Ne2 d5 9. cxd5 exd5 10. 0-0 b6 11. f3 Re8 12. Ng3 Ne7 13. Bb2 Ng6 14. Qd2 Qc7 15. Rae1 Bd7 16. Bc1 Rec8 17. e4 cxd4 18. cxd4 Qc3 19. Ba6 Qxd2 20. Bxd2 Rc2 21. Bg5 dxe4 22. fxe4 Ne8 23. Rc1 Rxc1 24. Rxc1 f6 25. Bd2 Ne7 26. Bb4 Nc6 27. Bb7 Nxb4 28. Bxa8 Nd3 29. Rc3 Nf4 30. Kf2 Kf8 31. Ne2 Ne6 32. Ke3 Ke7 33. Nf4 Nd8 34. e5 fxe5 35. dxe5 g5 36. Nd5+ Ke6 37. Nc7+ Nxc7 38. Rxc7 a5 39. Ke4 b5 40. Bd5+ Ke7 41. Bg8 h6 42. Kd5 Ke8 43. e6 1-0